000 01709cam a2200493 a 4500
001 21428
003 VRT
005 20260302103412.0
008 201022s2014 xo a a 000 p slo
015 _aSNBA2014/11
020 _a9788010025091 (viaz.)
039 9 _a202010221340
_bVLOAD
_c201710191504
_dmkpoh03
_c201611231325
_dmttkjf04
_c201604291510
_dVLOAD
040 _aSVKBB
_bslo
_cSVKBB
_dSNK
_eAACR2
041 0 _aslo
044 _axo
_cSK
072 7 _a821.162.4-1
_xSlovenská poézia
_2konspekt
072 7 _a821-93
_xLiteratúra pre deti a mládež (beletria)
_2konspekt
080 _a821.162.4-1
_22001
080 _a821-93
_22001
080 _a(0.025.2)
_22001
100 1 _aRázusová-Martáková, Mária,
_d1905-1964
_4aut
245 1 0 _aHajulinky, haj
_cMária Rázusová-Martáková ; ilustrovala Alena Wagnerová
250 _a1. vyd.
260 _a[Bratislava]
_bSlovenské pedagogické nakladateľstvo - Mladé letá
_c2014
300 _a[8] s.
_bfareb. ilustr.
_c16x22 cm
500 _aNáz. z obalu
655 7 _aChildren's literature
_2SNKPHeng
655 7 _aPicture books for children
_2SNKPHeng
655 7 _aslovenská poézia
_2SNKPH
655 7 _aSlovak poetry
_2SNKPHeng
655 7 _apublikácie pre deti
_2SNKPH
655 7 _aleporelá
_2SNKPH
700 1 _aWagnerová, Alena,
_d1959-
_4ill
910 _asvkbb
910 _asnk
910 _askpk
910 _attkjf
910 _apokpoh
942 _2ddc
_cKLDE
_n0
949 _6270001000477593
_asvkbbX 4681
_bsvkbbm 748883
949 _617A1119614
_asnkOSD 9802
_bsnk2014/24903
_o2364/14
949 _617A1119613
_asnkOSD 9802 D1
_bsnk2014/24905
_o2364/14
999 _c21428
_d21428